000
00412nam a22001577a 4500
005
20251108164915.0
008
250721s1996 xx 000 0 ara d
082
1
4
_a
648/فحا
100
1
_a
الفحام، نجوى محايري
245
1
0
_a
أفكار في خدمة ربة البيت /
264
_c
1996.
300
_a
95ص
650
1
7
_a
الصحة المنزلية
942
_2
ddc
_c
BK
999
_c
17188
_d
17188